00803cam a22002531 45000010008000000030004000080050017000120080041000290100017000700200016000870350020001030400019001230410011001420420012001530500019001650820022001841000031002062450126002372600103003633000009004665000023004757000024004987400027005227554532OSt20210206121540.0890421s1968 ii c f000 0 hino  asa 68015529  a81230003204 a(OCoLC)19584296 aDLCcoclcdDLC0 ahineng apremarc00aDS481.G3bA189 a954.035092bGAN/B1 aGandhi, Mahatmad1869-194810aBāpū ke āśīrvāda =bA Thought for the Day /cMahatma Gandhi ; Compiled and translated by Anand T. Hingorani. aNew Delhi:bPublications Division, Ministry of Information and Broadcasting, Govt. of Indiac1968. a344p aEnglish and Hindi.1 aHingorani, Anand T.2 aA thought for the day.